000 nam a22 a 4500
999 _c3651
_d3651
003 AKMAL
005 20170523143909.0
008 170523s2006 my | e | 000 0deng d
020 _a9834250452 (pbk.)
020 _a9789834250454 (pbk.) :
_cRM60.00
082 0 4 _a658.409595 NAT
_222
090 0 0 _a658.409595
_bNAT
245 0 0 _aGood governance for development :
_bprivate sector perspectives Malaysian Institute of Integrity /
_cedited by Sulaiman Mahbob ... [et al.]
246 3 _aPrivate sector perspectives Malaysian Institute of Integrity
260 _aKuala Lumpur :
_bIntegrity Institute of Malaysia,
_c2006
300 _ax, 298p. ;
_c25cm.
500 _aIncluding proceedings of the National Seminar for Private Sector on the National Integrity Plan " Reinventing the future through good governance"
504 _aIncludes bibliographical references
650 1 0 _aCorporate governance
_zMalaysia
_97222
650 2 0 _aBusiness ethics
_zMalaysia
_97223
650 2 0 _aSocial responsibility of business
_zMalaysia
_97224
700 0 _aSulaiman Mahbob,
_cDatuk
_97225
711 2 _aNational Seminar for Private Sector on the National Integrity Plan
_d(2006 :
_cKuala Lumpur)
_97226
856 4 _uhttp://www.mph.com.my/search/nsearch.cfm?do=detail&pcode=9834250452
_yFront Cover & Summary
942 _2ddc
_cBOOK